| 000 | 01249cam a2200325 a 4500 | ||
|---|---|---|---|
| 001 | 15835581 | ||
| 003 | OSt | ||
| 005 | 20231110134701.0 | ||
| 008 | 090725s2008 tu b 000 0beng | ||
| 010 | _a 2009322657 | ||
| 020 | _a9789960594279 | ||
| 040 |
_aHLS _cHLS _dDLC |
||
| 041 | 1 |
_aeng _hara |
|
| 042 |
_alccopycat _alcode |
||
| 050 | 0 | 0 |
_aBP170.8 _b.H36 2008 |
| 082 |
_a297.63 _bHAA/M |
||
| 100 | 1 |
_aḤāmidī, Muḥammad al-Hāshimī _99892 |
|
| 240 | 1 | 0 |
_aMuḥammad ṣallá Allāh ʻalayhi wa-sallam lil-qaryah al-ʻālamīyah. _lEnglish |
| 245 | 1 | 0 |
_aMuhammad for the global village : _ban absorbing story and a modern reading into the life and teachings of the Prophet of Islam / _cMuhammad al-Haashimi al-Haamidi ; translated by Nasiruddin al-Khattab ; edited by Huda Khattab. |
| 250 | _a1st ed. | ||
| 260 |
_aRiyadh : _bDarussalam, _c2008. |
||
| 300 |
_a438 p. ; _c22 cm. |
||
| 504 | _aIncludes bibliographical references. | ||
| 600 | 0 | 0 |
_aMuḥammad, _cProphet, _d-632. |
| 650 | 0 |
_aIslam _xUniversality. |
|
| 700 | 1 | _aKhattab, Huda. | |
| 906 |
_a7 _bcbc _ccopycat _d3 _encip _f20 _gy-gencatlg |
||
| 942 |
_2ddc _cBK _h297.63 _iHAA/M _k297.63 _mHAA/M |
||
| 999 |
_c43030 _d43030 |
||